Effectif de Manchester City saison 2023-2024 - Statistiques

Statistiques générales
  • Ce quiz a été pris 172 fois
  • Le résultat moyen est 17 sur 26
Statistiques - réponses
Hint Réponse % Correct
Gardien Ederson
99%
Attaquant Erling Haaland
99%
Entraîneur Pep Guardiola
97%
Milieu Kevin De Bruyne
92%
Défenseur Kyle Walker
92%
Milieu Rodri
91%
Défenseur Ruben Dias
90%
Milieu Bernardo Silva
89%
Attaquant Julian Alvarez
86%
Défenseur Nathan Aké
86%
Milieu Phil Foden
84%
Défenseur Manuel Akanji
80%
Défenseur John Stones
78%
Milieu Jack Grealish
76%
Attaquant Jeremy Doku
72%
Défenseur Josko Gvardiol
62%
Milieu Mateo Kovacic
60%
Milieu Kalvin Phillips
52%
Défenseur Rico Lewis
52%
Gardien Scott Carson
41%
Gardien Zackary Steffen
39%
Milieu Oscar Bobb
33%
Milieu Matheus Nunes
30%
Milieu Sergio Gomez
29%
Gardien Stefan Ortega Moreno
22%
Milieu Micah Hamilton
9%
Aucun quiz correspondant
Distribution des résultats
% des personnes avec chaque résultat
Percentile par nombre de réponses
Votre historique - résultats
Vous n’avez pas pris ce quiz